000 01793nam a2200541 i 4500
001 28260
003 KOSZ 005
005 20200520132402.0
008 200518s1986 pl f 001 0 pol
015 _aUWD 1986/2193
020 _a8301060824
035 _a991007586369705066
035 _a(PL-WaBN)b11967134-48omnis_nlop
035 _ab11967134
035 _a(OCoLC)830216432
035 _a(PL)b0000001196713
035 _a(EXLNZ-48OMNIS_NETWORK)9910414962405606
040 _aWA N
_cWA N
_dKOSZ 005/RW
046 _k1986
080 _a655.41
080 _a808.2
080 _a001
100 1 _aMarszałek, Leon
_d(1912-1996)
_eAutor
245 1 0 _aEdytorstwo publikacji naukowych /
_cLeon Marszałek.
260 _aWarszawa :
_bPaństwowe Wydawnictwo Naukowe,
_c1986.
300 _a321, [3] stron ;
_c25 cm.
336 _aTekst
_btxt
_2rdacontent
337 _aBez urządzenia pośredniczącego
_bn
_2rdamedia
338 _aWolumin
_bnc
_2rdacarrier
380 _aKsiążki
380 _aPublikacje fachowe
380 _aPublikacje dydaktyczne
388 _a1901-2000
388 _a1945-1989
504 _aIndeks.
521 8 _aKsiążka ma służyć pomocą redaktorom tekstów naukowych oraz studentom, zwłaszcza na kierunkach studiów bibliologicznych.
650 7 _aWydawnictwa naukowe
_2DBN
650 7 _aPublikacje
650 7 _aDrukarstwo
650 7 _aEdytorstwo
651 7 _aPolska
655 7 _aOpracowanie
658 _aBibliotekarstwo, archiwistyka, muzealnictwo
710 2 _aPaństwowe Wydawnictwo Naukowe
_4pbl
856 _uhttp://koha.tu.koszalin.pl/cgi-bin/koha/opac-detail.pl?biblionumber=28260
_yKatalog online BPK
942 _2UKD
_cKS
999 _c28260
_d28260